BUSINESS MANARJAS (Record no. 708294)

MARC details
000 -LEADER
fixed length control field 00225nam a2200097Ia 4500
008 - FIXED-LENGTH DATA ELEMENTS--GENERAL INFORMATION
fixed length control field 230508s1996 xx 000 0 und d
041 ## - LANGUAGE CODE
Language code of text/sound track or separate title eng
100 ## - MAIN ENTRY--PERSONAL NAME
Personal name GITA PIRAMAL
245 ## - TITLE STATEMENT
Title BUSINESS MANARJAS
260 ## - PUBLICATION, DISTRIBUTION, ETC.
Name of publisher, distributor, etc. PING BOOK
Date of publication, distribution, etc. 1996

No items available.